| 000 | 00389nam a22001457a 4500 | ||
|---|---|---|---|
| 005 | 20221006142651.0 | ||
| 008 | 221006b |||||||| |||| 00| 0 eng d | ||
| 020 | _a0673151751 | ||
| 082 | _a658.45 | ||
| 100 | _aSigband, Norman B | ||
| 245 | _aCommunicating in Business | ||
| 260 |
_aGlenview: _bScott, Foresman and Company, _c1981 |
||
| 300 | _axvi,526p.:ill.;24cm | ||
| 942 |
_2ddc _cBK _n0 |
||
| 999 |
_c21710 _d21710 |
||